000 00248nam a22001097a 4500
082 _a617
_bS17T
100 _aTOWNSEND,CONRTENY M
245 _aSABISTION TEXTBOOK OF SURGERY I
260 _aINDIA
_bELSEVIER
_c2017
300 _a1012
942 _2ddc
_cBK
999 _c14193
_d14193